Statistics for New Zealand Rugby All Blacks - Most tries as Captain

Click here to take the quiz!

General Stats

  • This quiz has been taken 20 times
  • The average score is 5 of 6

Answer Stats

TriesCaptain% Correct
21Richard McCaw
100%
7Sean Fitzpatrick
100%
10Tana Umaga
89%
10Kieran Read
83%
6David Kirk
67%
6Taine Randell
50%

Score Distribution

Percentile by Number Answered

Percent of People with Each Score

Your Score History

You have not taken this quiz